Every Country in the Image #2 - Statistics

General Stats
  • This quiz has been taken 187 times
    165 since last reset
  • The average score is 52 of 57
Answer Stats
Hint Answer % Correct
Yemen
99%
Brazil
98%
Colombia
98%
Laos
98%
Saudi Arabia
98%
Egypt
97%
Guyana
97%
South Africa
97%
Thailand
97%
Venezuela
97%
Cambodia
96%
Indonesia
96%
Madagascar
96%
Malaysia
96%
Myanmar
96%
Sudan
96%
Suriname
96%
Vietnam
96%
Lesotho
95%
Ethiopia
94%
Mozambique
94%
Slovenia
94%
South Sudan
94%
Eritrea
93%
Hungary
93%
Iran
93%
Iraq
93%
Armenia
92%
Slovakia
92%
Somalia
92%
Azerbaijan
91%
Croatia
91%
Djibouti
91%
Georgia
91%
Italy
91%
Poland
91%
Romania
91%
Serbia
91%
Zimbabwe
91%
France
90%
Austria
89%
Botswana
89%
Czech Republic
89%
Germany
89%
Turkmenistan
89%
Uzbekistan
89%
Kazakhstan
88%
Brunei
87%
Russia
87%
Turkey
87%
Bosnia and Herzegovina
86%
Ukraine
86%
Philippines
85%
Trinidad and Tobago
84%
Afghanistan
83%
Bulgaria
82%
Swaziland
81%
No matching quizzes found
Score Distribution
Percent of People with Each Score
Percentile by Number Answered
Your Score History
You have not taken this quiz since the last reset